000 00354cam a22001097a 4500
008 180718b1959 xxu||||| |||| 00| 0 eng d
082 _aT3034 N213
245 _aForeign licensing agreements, pt. II:contract negotation andadministration
260 _aNew York
_bNational Industrial Conference Board
_c1959
300 _a96p.
650 _aBusiness - Contracts
999 _c480840
_d480840